| 000 | 00864nam a2200265 a 4500 | ||
|---|---|---|---|
| 001 | 000127316 | ||
| 003 | AM-YEHGA | ||
| 005 | 20250617122656.0 | ||
| 008 | 990321s1989 ru a|||gr|||||||||0|rus|d | ||
| 020 | _a5244001639 | ||
| 040 | _aAM-YeHGA | ||
| 041 | 1 |
_arus _heng |
|
| 100 | 1 |
_aДаррелл, Джеральд, _d1925-1995 |
|
| 245 | 1 | 0 |
_aМясной рулет : _bВстречи с животными : [Пер. с англ.] / _cДж. Даррелл. |
| 260 |
_aМосква : _bМысль, _c1989. |
||
| 300 |
_a240 с. : _bил. ; _c20 см. |
||
| 440 | 0 | _aБиблиотечная серия | |
| 650 | 1 | 4 | _aЖивотные |
| 650 | 1 | 4 | _aЭкология |
| 650 | 1 | 4 | _aЭтология |
| 650 | 1 | 4 | _aОбраз жизни животных |
| 650 | 1 | 4 | _aЖивотное и окружающая среда |
| 942 |
_2udc _cBK |
||
| 090 | _c43090 | ||
| 999 |
_c42407 _d42407 |
||